Los regimenes politicos contemporaneos : (Record no. 13958)
[ view plain ]
| 000 -CABECERA | |
|---|---|
| campo de control de longitud fija | 00844nam a22002411p 4500 |
| 001 - NÚMERO DE CONTROL | |
| campo de control | 000014366 |
| 005 - FECHA Y HORA DE LA ÚLTIMA TRANSACCIÓN | |
| campo de control | 20200929163607.0 |
| 008 - DATOS DE LONGITUD FIJA--INFORMACIÓN GENERAL | |
| campo de control de longitud fija | 780920s19711974sp b 001 0 spa |
| 010 ## - NÚMERO DE CONTROL DE LA BIBLIOTECA DEL CONGRESO | |
| Número de control de LC | 75409859 |
| 015 ## - NÚMERO DE BIBLIOGRAFÍA NACIONAL | |
| Número de bibliografía nacional | Sp74-Dec |
| 020 ## - NÚMERO INTERNACIONAL ESTÁNDAR DEL LIBRO | |
| Número Internacional Estándar del Libro | 8430905332 : |
| Condiciones de disponibilidad | 540ptas |
| 040 ## - FUENTE DE LA CATALOGACIÓN | |
| Centro catalogador/agencia de origen | DO-SdBNP |
| Centro/agencia transcriptor | DLC |
| Centro/agencia modificador | DLC |
| 050 00 - SIGNATURA TOPOGRÁFICA DE LA BIBLIOTECA DEL CONGRESO | |
| Número de clasificación | JF55 |
| Número de documento/Ítem | .J5 1974 |
| 100 2# - ENTRADA PRINCIPAL--NOMBRE DE PERSONA | |
| Nombre de persona | Jimenez de Parga y Cabrera, Manuel. |
| 9 (RLIN) | 32440 |
| 245 14 - MENCIÓN DE TÍTULO | |
| Título | Los regimenes politicos contemporaneos : |
| Resto del título | teoria general del regimen : las grandes democracias con tradicion democratica / |
| Mención de responsabilidad, etc. | Manuel Jimenez de Parga. |
| 250 ## - MENCIÓN DE EDICIÓN | |
| Mención de edición | 5. ed., rev. y puesta al dia. |
| 260 ## - PUBLICACIÓN, DISTRIBUCIÓN, ETC. | |
| Lugar de publicación, distribución, etc. | Madrid : |
| Nombre del editor, distribuidor, etc. | Tecnos, |
| Fecha de publicación, distribución, etc. | 1971, 1974 printing. |
| 300 ## - DESCRIPCIÓN FÍSICA | |
| Extensión | 518 p. ; |
| Dimensiones | 21 cm. |
| 490 0# - MENCIÓN DE SERIE | |
| Mención de serie | Biblioteca universitaria |
| 504 ## - NOTA DE BIBLIOGRAFÍA, ETC. | |
| Nota de bibliografía, etc. | Includes bibliographical references and indexes. |
| 650 #0 - PUNTO DE ACCESO ADICIONAL DE MATERIA--TÉRMINO DE MATERIA | |
| Término de materia o nombre geográfico como elemento de entrada | Comparative government. |
| 9 (RLIN) | 32441 |
| 910 ## - DATOS DE OPCIÓN DEL USUARIO (OCLC) | |
| Datos de opción del usuario | DC |
| Estado de retiro | Estado de pérdida | Restricciones de uso | No para préstamo | Código de colección | Localización permanente | Ubicación/localización actual | Ubicación en estantería | Fecha de adquisición | Número de inventario | Total de préstamos | Signatura topográfica completa | Código de barras | Fecha visto por última vez | Precio válido a partir de | Tipo de ítem Koha |
|---|---|---|---|---|---|---|---|---|---|---|---|---|---|---|---|
| Préstamo interno | Préstamo restrigido | Monografías: Libros y Folletos | General | General | En encuadernación | 10.12.2009 | LF1 | 14366-10 | 25.06.2020 | 25.06.2020 | Préstamo interno |
